000
00288nam a2200121Ia 4500
005
20251222141835.0
008
251222s9999||||xx |||||||||||||| ||spa||
082
_a
922.2/R18
100
_a
Rainero, P. Angel
245
0
_a
Beato José Marello
264
_b
Oblatos de San José
942
_c
LIB
999
_c
7232
_d
7232